| 000 | 00995cam a22002775a 4500 | ||
|---|---|---|---|
| 001 | 16278643 | ||
| 005 | 20151111151701.0 | ||
| 008 | 100611t2011 enka frb 001 0 eng d | ||
| 020 | _a9780262015066 (hardcover : alk. paper) | ||
| 040 |
_aDLC _beng _cDLC _dYDX _dYDXCP _dVKC _dBWX _dCDX _dDLC _dEG-ScBUE |
||
| 082 | 0 | 4 |
_a004.1 _bRIE _222 |
| 100 | 1 |
_aRieffel, Eleanor, _d1965- _938728 |
|
| 245 | 1 | 0 |
_aQuantum computing : _ba gentle introduction / _cEleanor Rieffel and Wolfgang Polak. |
| 260 |
_aCambridge ; _aMassachusetts : _bThe Massachusetts Institute of Technology, _cc.2011. |
||
| 300 |
_axiii, 372 p. : _bill. ; _c24 cm. |
||
| 490 | 0 | _aScientific and engineering computation | |
| 500 | _aIndex : P. 369-372. | ||
| 504 | _aBibliography : P. 353-363. | ||
| 650 | 0 |
_aQuantum computers. _2BUEsh |
|
| 650 | 0 |
_aQuantum theory. _2BUEsh |
|
| 650 | 0 |
_aQuantum computing. _2BUEsh |
|
| 651 | _2BUEsh | ||
| 653 |
_bCOMSCI _cAugust2015 _cNovember2015 |
||
| 700 | 1 |
_aPolak, Wolfgang, _d1950- |
|
| 942 | _2ddc | ||
| 999 |
_c20510 _d20482 |
||